| 000 | 00520nam a2200157 a 4500 | ||
|---|---|---|---|
| 001 | 000032689 | ||
| 005 | 20200930065758.0 | ||
| 008 | 110725s1938 dr 000 0 spa d | ||
| 040 |
_aDO-SdBNP _bspa _cBNPHU |
||
| 082 |
_axxxx _bL791m |
||
| 100 | 1 |
_aLlaverias, Federico _910157 |
|
| 245 | 1 | 0 | _aMi ingreso en el Instituto de Investigaciones Históricas en torno de la primera misa en América. |
| 260 |
_aCiudad Trujillo, República Dominicana : _bImp."Listin Diario, _c1938. |
||
| 300 |
_a37 p. ; _c24 cm. |
||
| 049 | _aBNPD | ||
| 999 |
_c32180 _d32180 |
||